000 02170nam a2200397 c 4500
003 BLK
005 20250725164529.0
008 180410b bul|||||r ||||||| ||bul||
020 _a9789540918839
_qмека подв.
020 _a9789540918822
_qтвърда подв.
020 _a9789540918921
_qфутляр
040 _aBLK
041 _aBUL
_cBUL
080 _aВътрешна политика. Вж и 329
_b323
_z323(497.2)
100 1 _aВелева, Валерия Веселинова
_eпърви автор
_9305126
139 _aВелева, Валерия Веселинова
_bВ 38
245 1 0 _aАх, тази власт : 127 статии и коментари - мозайка от запечатани мигове на трагичния ни преход
_cВалерия Веселинова Велева.
257 _aBGR
260 _bЗахарий Стоянов
_bКогнито
_c2025
_aСофия
300 _a600 с.
_c24 см
380 _a3
500 _aСмел журналистически танц в "жаравата" на политическия преход / Маргарита Пешева ; Журналистиката по бръснача на времето / Ивайло Христов ; Малцина като нея владеят професионализма до такова съвършенство, че не ти дава друг избор / Вежди Рашидов ; Валерия, за мен ти си един от най-добрите журналисти в България! / Стефан Цанев: с. 7-33
500 _aСамо книгите с твърда подв. са във футляр.
650 7 _aПреход от тоталитаризъм към демокрация - България
_9167726
650 0 _aБългария - вътрешна политика
_9241559
852 _aЦб 326633
856 4 _qpdf
856 4 _qpdf
942 _cKNG
_n0
_06
944 _cНора Радева
_k30546
_lРенета Константинова
999 _c530391
_d530391
999 _d530391
999 _d530391
999 _d530391
999 _d530391
999 _d530389